[Event "Hastings Masters"]
[Site "Horntye, Hastings"]
[Date "2018.01.02"]
[Round "6.1"]
[White "Lou, Yiping"]
[Black "Vakhidov, Jakhongir"]
[Result "1/2-1/2"]
[BlackElo "2500"]
[WhiteElo "2462"]
[LiveChessVersion "1.4.8"]

1. Nf3 {[%clk 1:40:52]} d6 {[%clk 1:31:23]} 2. c4 {[%clk 1:40:46]} g6
{[%clk 1:31:03]} 3. Nc3 {[%clk 1:40:53]} Nf6 {[%clk 1:31:07]} 4. e4
{[%clk 1:40:57]} c5 {[%clk 1:30:52]} 5. d4 {[%clk 1:41:05]} cxd4 {[%clk 1:31:01]}
6. Nxd4 {[%clk 1:41:30]} Bg7 {[%clk 1:31:03]} 7. Be2 {[%clk 1:37:57]} O-O
{[%clk 1:31:09]} 8. O-O {[%clk 1:36:42]} Nc6 {[%clk 1:31:20]} 9. Be3
{[%clk 1:36:23]} Bd7 {[%clk 1:31:27]} 10. Nc2 {[%clk 1:29:07]} Qa5
{[%clk 1:31:35]} 11. f4 {[%clk 1:19:08]} Be6 {[%clk 1:31:12]} 12. Rb1
{[%clk 1:10:15]} Nd7 {[%clk 1:30:53]} 13. Nd4 {[%clk 0:52:16]} Nxd4
{[%clk 1:27:31]} 14. Bxd4 {[%clk 0:51:55]} Rfc8 {[%clk 1:10:09]} 15. b3
{[%clk 0:46:05]} Bxd4+ {[%clk 1:06:15]} 16. Qxd4 {[%clk 0:46:30]} Qc5
{[%clk 1:04:19]} 17. Rbd1 {[%clk 0:43:50]} Nf6 {[%clk 1:02:15]} 18. Bf3
{[%clk 0:41:32]} Rab8 {[%clk 1:02:09]} 19. Rfe1 {[%clk 0:39:18]} a6
{[%clk 0:58:53]} 20. e5 {[%clk 0:30:33]} Qxd4+ {[%clk 0:51:51]} 21. Rxd4
{[%clk 0:30:58]} dxe5 {[%clk 0:43:31]} 22. fxe5 {[%clk 0:30:47]} Nd7
{[%clk 0:40:29]} 1/2-1/2

[Event "Hastings Masters"]
[Site "Horntye, Hastings"]
[Date "2018.01.02"]
[Round "6.2"]
[White "Gormally, Daniel W"]
[Black "Fier, Alexandr"]
[Result "1-0"]
[BlackElo "2576"]
[WhiteElo "2477"]
[LiveChessVersion "1.4.8"]

1. d4 {[%clk 1:40:58]} Nf6 {[%clk 1:40:45]} 2. Nf3 {[%clk 1:41:14]} g6
{[%clk 1:41:11]} 3. Bg5 {[%clk 1:40:02]} Bg7 {[%clk 1:41:36]} 4. Nbd2
{[%clk 1:39:48]} O-O {[%clk 1:41:59]} 5. e4 {[%clk 1:37:17]} d5 {[%clk 1:42:25]}
6. exd5 {[%clk 1:36:56]} Nxd5 {[%clk 1:42:49]} 7. Nb3 {[%clk 1:35:59]} a5
{[%clk 1:40:25]} 8. a4 {[%clk 1:35:16]} h6 {[%clk 1:40:50]} 9. Bd2
{[%clk 1:32:10]} Nc6 {[%clk 1:41:09]} 10. Bb5 {[%clk 1:30:16]} Ncb4
{[%clk 1:38:49]} 11. c3 {[%clk 1:26:30]} c6 {[%clk 1:39:15]} 12. Be2
{[%clk 1:26:13]} Na6 {[%clk 1:39:42]} 13. O-O {[%clk 1:25:43]} b6
{[%clk 1:36:59]} 14. Re1 {[%clk 1:25:07]} c5 {[%clk 1:35:35]} 15. Bd3
{[%clk 1:15:16]} cxd4 {[%clk 1:35:28]} 16. Nbxd4 {[%clk 1:15:38]} Nc5
{[%clk 1:32:18]} 17. Bc2 {[%clk 1:10:54]} Bb7 {[%clk 1:32:38]} 18. Ne5
{[%clk 1:09:26]} Rc8 {[%clk 1:29:20]} 19. Ng4 {[%clk 1:01:11]} Kh7
{[%clk 1:20:39]} 20. Nxh6 {[%clk 0:59:05]} Nf6 {[%clk 1:21:05]} 21. Nhf5
{[%clk 0:46:11]} gxf5 {[%clk 1:21:19]} 22. Nxf5 {[%clk 0:44:25]} e6
{[%clk 1:20:17]} 23. Nxg7+ {[%clk 0:40:43]} Kxg7 {[%clk 1:20:09]} 24. Bh6+
{[%clk 0:41:08]} Kg8 {[%clk 1:17:33]} 25. Qc1 {[%clk 0:30:29]} Qd5
{[%clk 1:16:47]} 26. f3 {[%clk 0:30:53]} Nh5 {[%clk 1:04:40]} 27. Bxf8
{[%clk 0:29:41]} Kxf8 {[%clk 0:59:26]} 28. Qh6+ {[%clk 0:29:57]} Ng7
{[%clk 0:59:55]} 29. Qh8+ {[%clk 0:29:18]} Ke7 {[%clk 1:00:19]} 30. Qxg7
{[%clk 0:29:42]} Qd2 {[%clk 1:00:47]} 31. Rac1 {[%clk 0:25:20]} Rd8
{[%clk 1:01:13]} 32. Qg3 {[%clk 0:25:15]} Rd5 {[%clk 1:01:01]} 33. Qf2
{[%clk 0:22:33]} Qh6 {[%clk 1:01:26]} 34. Rcd1 {[%clk 0:22:57]} Rh5
{[%clk 1:01:52]} 35. Qd2 {[%clk 0:22:54]} 1-0

[Event "Hastings Masters"]
[Site "Horntye, Hastings"]
[Date "2018.01.02"]
[Round "6.3"]
[White "Arkell, Keith C"]
[Black "Hebden, Mark L"]
[Result "1/2-1/2"]
[BlackElo "2445"]
[WhiteElo "2416"]
[LiveChessVersion "1.4.8"]

1. d4 {[%clk 1:40:51]} Nf6 {[%clk 1:39:06]} 2. Nf3 {[%clk 1:41:13]} g6
{[%clk 1:39:13]} 3. g3 {[%clk 1:41:33]} Bg7 {[%clk 1:39:37]} 4. Bg2
{[%clk 1:41:57]} O-O {[%clk 1:39:59]} 5. c4 {[%clk 1:42:21]} d6 {[%clk 1:40:20]}
6. Nc3 {[%clk 1:42:39]} Nc6 {[%clk 1:40:33]} 7. O-O {[%clk 1:42:54]} Rb8
{[%clk 1:40:42]} 8. b3 {[%clk 1:42:28]} a6 {[%clk 1:40:22]} 9. d5
{[%clk 1:42:16]} Na5 {[%clk 1:39:30]} 10. Bd2 {[%clk 1:41:46]} c5
{[%clk 1:39:34]} 11. dxc6 {[%clk 1:42:00]} Nxc6 {[%clk 1:39:58]} 12. Rc1
{[%clk 1:41:51]} Bf5 {[%clk 1:40:16]} 13. Nh4 {[%clk 1:37:01]} Be6
{[%clk 1:39:56]} 14. Nd5 {[%clk 1:36:53]} Ne5 {[%clk 1:39:05]} 15. Bg5
{[%clk 1:33:19]} Bxd5 {[%clk 1:10:07]} 16. cxd5 {[%clk 1:31:04]} h6
{[%clk 1:09:57]} 17. Be3 {[%clk 1:26:44]} Qa5 {[%clk 1:09:42]} 18. Qd2
{[%clk 1:26:05]} Qxd2 {[%clk 1:09:09]} 19. Bxd2 {[%clk 1:26:30]} Rbc8
{[%clk 1:09:21]} 20. Nf3 {[%clk 1:06:32]} Ne4 {[%clk 1:04:33]} 21. Ba5
{[%clk 1:06:41]} Ng4 {[%clk 1:04:42]} 22. h3 {[%clk 0:51:11]} Ngxf2
{[%clk 1:00:59]} 23. Bb6 {[%clk 0:47:09]} Nxg3 {[%clk 1:00:45]} 24. Rxc8
{[%clk 0:46:52]} Rxc8 {[%clk 1:01:00]} 25. Rxf2 {[%clk 0:47:10]} Rc1+
{[%clk 1:01:04]} 26. Kh2 {[%clk 0:42:57]} Ne4 {[%clk 1:00:32]} 27. Rf1
{[%clk 0:43:20]} Rc2 {[%clk 0:52:44]} 28. Nd4 {[%clk 0:40:13]} Be5+
{[%clk 0:52:50]} 29. Kg1 {[%clk 0:40:18]} Bxd4+ {[%clk 0:53:07]} 30. Bxd4
{[%clk 0:40:41]} Ng3 {[%clk 0:53:32]} 31. Rd1 {[%clk 0:33:19]} Nxe2+
{[%clk 0:53:39]} 32. Kf1 {[%clk 0:18:15]} Rxa2 {[%clk 0:51:55]} 33. Be3
{[%clk 0:10:09]} Ng3+ {[%clk 0:45:56]} 34. Kg1 {[%clk 0:10:32]} Rb2
{[%clk 0:42:40]} 35. Rd3 {[%clk 0:10:36]} g5 {[%clk 0:40:20]} 36. Bf3
{[%clk 0:08:42]} f5 {[%clk 0:33:31]} 37. Bf2 {[%clk 0:03:49]} Ne2+
{[%clk 0:28:35]} 38. Bxe2 {[%clk 0:04:13]} Rxe2 {[%clk 0:29:01]} 39. Kf1
{[%clk 0:03:31]} Re4 {[%clk 0:28:37]} 40. Rc3 {[%clk 0:00:57]} Kf7
{[%clk 0:27:48]} 41. Bb6 {[%clk 0:47:15]} Re5 {[%clk 1:15:31]} 42. Rd3
{[%clk 0:46:17]} f4 {[%clk 1:15:42]} 43. Kf2 {[%clk 0:41:13]} Kg6
{[%clk 1:15:53]} 44. Bd8 {[%clk 0:40:50]} Kf5 {[%clk 1:15:09]} 45. Rc3
{[%clk 0:40:33]} b5 {[%clk 1:11:56]} 46. Rc7 {[%clk 0:40:41]} Rxd5
{[%clk 1:12:00]} 47. Bxe7 {[%clk 0:37:56]} Rd2+ {[%clk 1:12:04]} 48. Kf1
{[%clk 0:37:30]} Rd3 {[%clk 1:07:08]} 49. Kg2 {[%clk 0:37:41]} Rg3+
{[%clk 1:06:55]} 50. Kh2 {[%clk 0:38:06]} Rxb3 {[%clk 1:07:12]} 51. Bxd6
{[%clk 0:38:30]} Rb2+ {[%clk 1:06:26]} 52. Kg1 {[%clk 0:38:54]} a5
{[%clk 1:06:24]} 53. Bf8 {[%clk 0:38:23]} a4 {[%clk 1:04:31]} 54. Bxh6
{[%clk 0:34:35]} a3 {[%clk 1:04:23]} 55. Bg7 {[%clk 0:34:59]} b4 {[%clk 0:59:52]}
56. Ra7 {[%clk 0:30:42]} Kg6 {[%clk 0:51:11]} 57. Bh8 {[%clk 0:26:43]} Rc2
{[%clk 0:45:33]} 58. Ra4 {[%clk 0:25:32]} Rc4 {[%clk 0:33:53]} 59. Kg2
{[%clk 0:20:36]} Re4 {[%clk 0:32:54]} 60. Ra6+ {[%clk 0:18:34]} Kf7
{[%clk 0:30:36]} 61. Ra4 {[%clk 0:16:57]} Ke6 {[%clk 0:27:22]} 62. Bg7
{[%clk 0:17:21]} Re2+ {[%clk 0:26:24]} 63. Kg1 {[%clk 0:17:28]} Re3
{[%clk 0:26:36]} 64. Kg2 {[%clk 0:12:45]} Rg3+ {[%clk 0:26:32]} 65. Kh2
{[%clk 0:13:07]} Rb3 {[%clk 0:26:45]} 66. Kg2 {[%clk 0:12:54]} Kf5
{[%clk 0:22:46]} 67. Bf8 {[%clk 0:09:44]} g4 {[%clk 0:22:43]} 68. Ra5+
{[%clk 0:06:48]} Ke4 {[%clk 0:22:53]} 69. hxg4 {[%clk 0:07:13]} Rb2+
{[%clk 0:22:46]} 70. Kh3 {[%clk 0:07:36]} Rb3+ {[%clk 0:18:07]} 71. Kh4
{[%clk 0:05:31]} f3 {[%clk 0:15:58]} 72. Bc5 {[%clk 0:04:32]} Rb2
{[%clk 0:13:54]} 73. Ra4 {[%clk 0:01:57]} Kd5 {[%clk 0:12:05]} 74. Bxb4
{[%clk 0:01:16]} f2 {[%clk 0:10:51]} 75. Bxa3 {[%clk 0:01:23]} f1=Q
{[%clk 0:11:06]} 76. Bxb2 {[%clk 0:01:47]} Qf2+ {[%clk 0:11:28]} 77. Kh3
{[%clk 0:01:08]} Qxb2 {[%clk 0:11:33]} 78. Rf4 {[%clk 0:01:33]} Ke5
{[%clk 0:11:44]} 79. Rf5+ {[%clk 0:01:33]} Ke4 {[%clk 0:12:00]} 80. Kg3
{[%clk 0:01:55]} Qc3+ {[%clk 0:10:44]} 81. Kg2 {[%clk 0:02:20]} Qe1
{[%clk 0:09:12]} 82. Kh3 {[%clk 0:02:05]} Qg1 {[%clk 0:09:14]} 83. Rf7
{[%clk 0:01:00]} Ke5 {[%clk 0:07:56]} 84. Rf5+ {[%clk 0:01:22]} Ke6
{[%clk 0:08:20]} 85. Rf3 {[%clk 0:01:40]} Qe1 {[%clk 0:08:04]} 86. Rf5
{[%clk 0:02:00]} Qg1 {[%clk 0:05:56]} 87. Rf3 {[%clk 0:02:21]} Ke5
{[%clk 0:06:13]} 88. Rf5+ {[%clk 0:02:43]} Ke4 {[%clk 0:06:38]} 89. Rf7
{[%clk 0:02:47]} Qe3+ {[%clk 0:05:12]} 90. Kg2 {[%clk 0:01:37]} Qd2+
{[%clk 0:04:21]} 91. Kg3 {[%clk 0:01:49]} Qd6+ {[%clk 0:04:42]} 92. Kh3
{[%clk 0:01:40]} Ke3 {[%clk 0:04:31]} 93. Rf5 {[%clk 0:02:01]} Ke2
{[%clk 0:04:24]} 94. Kg2 {[%clk 0:02:12]} Qh6 {[%clk 0:03:24]} 95. Kg3
{[%clk 0:02:22]} Ke3 {[%clk 0:03:32]} 96. Re5+ {[%clk 0:02:43]} Kd4
{[%clk 0:04:01]} 97. Rf5 {[%clk 0:03:06]} Ke4 {[%clk 0:04:21]} 98. Rf7
{[%clk 0:02:45]} Qd6+ {[%clk 0:03:38]} 99. Kh3 {[%clk 0:02:34]} Qa3+
{[%clk 0:02:25]} 100. Kh4 {[%clk 0:02:03]} Qc3 {[%clk 0:02:04]} 101. Rf5
{[%clk 0:02:24]} Qb3 {[%clk 0:02:04]} 102. Rf8 {[%clk 0:02:01]} Ke5
{[%clk 0:02:16]} 103. Rf5+ {[%clk 0:02:23]} Ke6 {[%clk 0:02:15]} 104. Rf2
{[%clk 0:02:37]} Qa3 {[%clk 0:01:05]} 105. Rf5 {[%clk 0:03:01]} Qe3
{[%clk 0:01:31]} 106. Rf1 {[%clk 0:03:00]} Qe2 {[%clk 0:01:53]} 107. Rf5
{[%clk 0:03:09]} Qh2+ {[%clk 0:02:14]} 108. Kg5 {[%clk 0:03:35]} Ke7
{[%clk 0:02:38]} 109. Rf3 {[%clk 0:03:30]} Qh8 {[%clk 0:01:50]} 110. Rf5
{[%clk 0:03:38]} Qh1 {[%clk 0:01:55]} 111. Kf4 {[%clk 0:03:04]} Qh3
{[%clk 0:02:13]} 112. Kg5 {[%clk 0:03:28]} Ke6 {[%clk 0:02:23]} 113. Kf4
{[%clk 0:03:40]} Qg2 {[%clk 0:01:13]} 114. Kg5 {[%clk 0:04:02]} Qd2+
{[%clk 0:00:55]} 115. Kh4 {[%clk 0:04:22]} Qe3 {[%clk 0:01:05]} 116. Kh5
{[%clk 0:04:37]} Qh3+ {[%clk 0:00:46]} 117. Kg5 {[%clk 0:05:02]} Qh2
{[%clk 0:00:50]} 118. Rf3 {[%clk 0:04:58]} Ke5 {[%clk 0:01:08]} 119. Rf7
{[%clk 0:04:13]} Ke4 {[%clk 0:01:24]} 120. Rf5 {[%clk 0:04:18]} Qh8
{[%clk 0:01:03]} 121. Rf4+ {[%clk 0:04:40]} Ke5 {[%clk 0:00:50]} 122. Rf5+
{[%clk 0:05:03]} Ke6 1/2-1/2

[Event "Hastings Masters"]
[Site "Horntye, Hastings"]
[Date "2018.01.02"]
[Round "6.4"]
[White "Stany, G.A."]
[Black "Byron, Alan M"]
[Result "1-0"]
[BlackElo "2099"]
[WhiteElo "2502"]
[LiveChessVersion "1.4.8"]

1. e4 {[%clk 1:40:57]} e5 {[%clk 1:40:51]} 2. Nf3 {[%clk 1:41:22]} Nc6
{[%clk 1:41:15]} 3. Bb5 {[%clk 1:41:49]} a6 {[%clk 1:41:32]} 4. Ba4
{[%clk 1:42:14]} Nf6 {[%clk 1:41:53]} 5. Qe2 {[%clk 1:42:40]} b5 {[%clk 1:41:35]}
6. Bb3 {[%clk 1:43:05]} Bc5 {[%clk 1:41:43]} 7. c3 {[%clk 1:42:50]} O-O
{[%clk 1:42:04]} 8. O-O {[%clk 1:43:15]} Re8 {[%clk 1:40:31]} 9. d3
{[%clk 1:39:48]} h6 {[%clk 1:39:40]} 10. Be3 {[%clk 1:37:30]} Bf8
{[%clk 1:34:42]} 11. a4 {[%clk 1:29:31]} Rb8 {[%clk 1:33:58]} 12. axb5
{[%clk 1:29:35]} axb5 {[%clk 1:34:23]} 13. Rd1 {[%clk 1:27:05]} d6
{[%clk 1:26:27]} 14. h3 {[%clk 1:26:10]} Bd7 {[%clk 1:24:15]} 15. Nbd2
{[%clk 1:23:46]} Qc8 {[%clk 1:07:03]} 16. Rdc1 {[%clk 1:03:38]} Nd8
{[%clk 0:45:27]} 17. Nh4 {[%clk 1:00:07]} Be6 {[%clk 0:43:06]} 18. Bc2
{[%clk 1:00:01]} b4 {[%clk 0:37:23]} 19. d4 {[%clk 0:57:30]} bxc3
{[%clk 0:33:16]} 20. bxc3 {[%clk 0:57:49]} c6 {[%clk 0:32:48]} 21. Qf3
{[%clk 0:49:06]} Be7 {[%clk 0:30:21]} 22. dxe5 {[%clk 0:31:48]} dxe5
{[%clk 0:30:48]} 23. Qg3 {[%clk 0:30:54]} Qc7 {[%clk 0:22:58]} 24. Nf5
{[%clk 0:17:46]} Bxf5 {[%clk 0:17:50]} 25. exf5 {[%clk 0:18:01]} Kh8
{[%clk 0:16:35]} 26. Nc4 {[%clk 0:18:03]} Nd5 {[%clk 0:13:56]} 27. Re1
{[%clk 0:11:24]} Nxe3 {[%clk 0:12:30]} 28. Rxe3 {[%clk 0:11:39]} f6
{[%clk 0:05:09]} 29. Nxe5 {[%clk 0:10:10]} fxe5 {[%clk 0:04:28]} 30. Qg6
{[%clk 0:06:42]} Bf6 {[%clk 0:01:41]} 31. Qxe8+ {[%clk 0:07:04]} Kh7
{[%clk 0:02:09]} 32. Qg6+ {[%clk 0:06:53]} Kh8 {[%clk 0:02:34]} 33. Rd1
{[%clk 0:06:59]} 1-0

[Event "Hastings Masters"]
[Site "Horntye, Hastings"]
[Date "2018.01.02"]
[Round "6.5"]
[White "Derakhshani, Borna"]
[Black "Norinkeviciute, Rasa"]
[Result "1-0"]
[BlackElo "1993"]
[WhiteElo "2298"]
[LiveChessVersion "1.4.8"]

1. d4 {[%clk 1:40:51]} Nf6 {[%clk 1:40:45]} 2. Bf4 {[%clk 1:41:09]} d6
{[%clk 1:40:14]} 3. Nc3 {[%clk 1:39:06]} Bg4 {[%clk 1:38:00]} 4. f3
{[%clk 1:39:00]} Bh5 {[%clk 1:37:32]} 5. e4 {[%clk 1:38:07]} e6 {[%clk 1:36:11]}
6. Qd2 {[%clk 1:37:03]} h6 {[%clk 1:30:51]} 7. h4 {[%clk 1:36:03]} a6
{[%clk 1:29:46]} 8. O-O-O {[%clk 1:31:59]} Bg6 {[%clk 1:25:40]} 9. g4
{[%clk 1:31:28]} d5 {[%clk 1:22:29]} 10. h5 {[%clk 1:30:26]} Bh7 {[%clk 1:22:22]}
11. g5 {[%clk 1:28:45]} hxg5 {[%clk 1:22:15]} 12. Bxg5 {[%clk 1:29:08]} Be7
{[%clk 1:18:11]} 13. Qg2 {[%clk 1:17:51]} Rg8 {[%clk 1:10:28]} 14. exd5
{[%clk 1:06:00]} Nxd5 {[%clk 1:07:17]} 15. Bxe7 {[%clk 1:06:25]} Nxe7
{[%clk 1:06:39]} 16. f4 {[%clk 1:03:38]} c6 {[%clk 0:51:03]} 17. Nh3
{[%clk 0:59:34]} Nd7 {[%clk 0:47:17]} 18. Ng5 {[%clk 0:59:27]} Bf5
{[%clk 0:45:24]} 19. Bd3 {[%clk 0:45:40]} Nf6 {[%clk 0:39:48]} 20. Bxf5
{[%clk 0:24:02]} Nxf5 {[%clk 0:34:08]} 21. Rhe1 {[%clk 0:24:06]} Qd6
{[%clk 0:26:33]} 22. Re5 {[%clk 0:22:47]} Rf8 {[%clk 0:21:25]} 23. Nge4
{[%clk 0:15:20]} Nxe4 {[%clk 0:15:13]} 24. Nxe4 {[%clk 0:15:40]} Qc7
{[%clk 0:14:41]} 25. Ng3 {[%clk 0:15:17]} Nxg3 {[%clk 0:10:09]} 26. Qxg3
{[%clk 0:15:40]} O-O-O {[%clk 0:10:32]} 27. Qxg7 {[%clk 0:14:18]} Rg8
{[%clk 0:09:42]} 28. Qf6 {[%clk 0:14:28]} Rg2 {[%clk 0:09:08]} 29. h6
{[%clk 0:13:15]} Rg6 {[%clk 0:07:18]} 30. Qh4 {[%clk 0:13:41]} Rh8
{[%clk 0:07:25]} 31. h7 {[%clk 0:13:25]} Rg7 {[%clk 0:06:36]} 32. Rh5
{[%clk 0:13:46]} Qd8 {[%clk 0:06:09]} 33. Qh3 {[%clk 0:10:55]} Qf6
{[%clk 0:03:32]} 34. f5 {[%clk 0:11:19]} exf5 {[%clk 0:03:15]} 35. Rxf5
{[%clk 0:11:18]} Qe6 {[%clk 0:03:14]} 36. d5 {[%clk 0:11:45]} Rgxh7
{[%clk 0:01:14]} 37. Qd3 {[%clk 0:09:23]} cxd5 {[%clk 0:01:12]} 38. Rxd5
{[%clk 0:09:47]} Kb8 {[%clk 0:00:43]} 39. Kb1 {[%clk 0:08:23]} Rh3
{[%clk 0:00:55]} 40. Qd4 {[%clk 0:08:31]} Rc8 {[%clk 0:00:57]} 41. a4
{[%clk 0:05:57]} Qe3 {[%clk 0:35:42]} 42. Qb4 {[%clk 0:47:37]} Rh6
{[%clk 0:26:26]} 43. Rd8 {[%clk 0:39:21]} Rh8 {[%clk 0:12:17]} 44. R8d7
{[%clk 0:32:37]} Qf3 {[%clk 0:10:42]} 45. R1d5 {[%clk 0:24:47]} Qf1+
{[%clk 0:04:28]} 46. Ka2 {[%clk 0:24:46]} Qc4+ {[%clk 0:04:13]} 47. Qxc4
{[%clk 0:25:13]} Rxc4 {[%clk 0:04:37]} 48. Rxf7 {[%clk 0:25:37]} Rc7
{[%clk 0:01:58]} 49. Rdd7 {[%clk 0:23:32]} Rxd7 {[%clk 0:02:21]} 50. Rxd7
{[%clk 0:23:57]} Rh5 {[%clk 0:01:06]} 51. c4 {[%clk 0:21:23]} Ka7
{[%clk 0:00:56]} 52. Rd5 {[%clk 0:20:20]} Rh4 {[%clk 0:00:50]} 53. b3
{[%clk 0:20:45]} Kb6 {[%clk 0:01:02]} 54. a5+ {[%clk 0:21:02]} Kc6
{[%clk 0:01:15]} 55. Ka3 {[%clk 0:21:23]} Rh1 {[%clk 0:01:19]} 56. Rg5
{[%clk 0:21:32]} Rh3 {[%clk 0:01:12]} 57. Rg6+ {[%clk 0:21:50]} Kc7
{[%clk 0:01:05]} 58. Ka4 {[%clk 0:21:29]} Rh4 {[%clk 0:01:23]} 59. Rg3
{[%clk 0:21:32]} Rh1 {[%clk 0:01:07]} 60. Kb4 {[%clk 0:21:02]} Ra1
{[%clk 0:01:10]} 61. Rg5 {[%clk 0:21:14]} Kc6 {[%clk 0:01:09]} 62. Rc5+
{[%clk 0:21:37]} Kd6 {[%clk 0:01:13]} 63. Rc8 {[%clk 0:21:46]} Kd7
{[%clk 0:01:36]} 64. Rc5 {[%clk 0:21:34]} Kd6 {[%clk 0:02:00]} 65. Rh5
{[%clk 0:21:59]} Kc6 {[%clk 0:01:39]} 66. Rg5 {[%clk 0:21:20]} Ra2
{[%clk 0:02:00]} 67. Kc3 {[%clk 0:20:22]} Ra1 {[%clk 0:02:12]} 68. Rg6+
{[%clk 0:20:29]} Kc7 {[%clk 0:02:33]} 69. b4 {[%clk 0:20:37]} Rd1
{[%clk 0:02:11]} 70. Rg5 {[%clk 0:20:14]} Kb8 {[%clk 0:01:08]} 71. b5
{[%clk 0:19:24]} axb5 {[%clk 0:01:30]} 72. cxb5 {[%clk 0:19:49]} Rc1+
{[%clk 0:01:09]} 73. Kb4 {[%clk 0:20:01]} Rf1 {[%clk 0:00:45]} 74. Kc5
{[%clk 0:18:23]} Rf8 {[%clk 0:00:56]} 75. Rg6 {[%clk 0:17:54]} Rh8
{[%clk 0:00:43]} 76. b6 {[%clk 0:16:46]} Rd8 {[%clk 0:00:39]} 77. Rd6
{[%clk 0:16:15]} Rc8+ {[%clk 0:00:57]} 78. Kd5 {[%clk 0:16:44]} Re8
{[%clk 0:01:15]} 79. Re6 {[%clk 0:17:04]} Rd8+ {[%clk 0:01:35]} 80. Ke5
{[%clk 0:17:25]} Kc8 {[%clk 0:01:32]} 81. Re7 {[%clk 0:17:40]} Rd1
{[%clk 0:01:21]} 82. Rc7+ {[%clk 0:17:55]} Kb8 {[%clk 0:01:44]} 83. Rc5
{[%clk 0:18:17]} Rd2 {[%clk 0:01:21]} 84. Ke6 {[%clk 0:18:42]} Rd1
{[%clk 0:00:52]} 85. Rd5 {[%clk 0:18:05]} Re1+ {[%clk 0:01:10]} 86. Kd7
{[%clk 0:18:12]} Rh1 {[%clk 0:01:08]} 87. Re5 {[%clk 0:18:33]} Rd1+
{[%clk 0:01:21]} 88. Ke8 {[%clk 0:18:53]} Kc8 {[%clk 0:01:12]} 89. Kf7
{[%clk 0:18:18]} Rf1+ {[%clk 0:01:21]} 90. Ke7 {[%clk 0:18:32]} Rd1
{[%clk 0:01:24]} 91. Rc5+ {[%clk 0:18:33]} Kb8 {[%clk 0:01:46]} 92. Rf5
{[%clk 0:18:47]} Re1+ {[%clk 0:01:51]} 93. Kd6 {[%clk 0:18:56]} Rd1+
{[%clk 0:01:50]} 94. Kc5 {[%clk 0:19:08]} Rd8 {[%clk 0:01:26]} 95. Rd5
{[%clk 0:18:45]} Rh8 {[%clk 0:01:37]} 96. Kd4 {[%clk 0:19:06]} Kc8
{[%clk 0:01:54]} 97. Rc5+ {[%clk 0:19:27]} Kb8 {[%clk 0:02:11]} 98. Rg5
{[%clk 0:19:51]} Kc8 {[%clk 0:02:21]} 99. Kd5 {[%clk 0:20:13]} Kd7
{[%clk 0:00:43]} 100. Rg7+ {[%clk 0:20:10]} Kc8 {[%clk 0:01:08]} 101. Rc7+
{[%clk 0:17:47]} Kb8 {[%clk 0:01:31]} 102. Re7 {[%clk 0:18:14]} Kc8
{[%clk 0:01:25]} 103. Ke6 {[%clk 0:18:39]} Rh6+ {[%clk 0:00:57]} 104. Kf7
{[%clk 0:19:01]} Kd8 {[%clk 0:00:36]} 105. a6 {[%clk 0:14:33]} bxa6
{[%clk 0:00:34]} 106. Re8+ {[%clk 0:15:00]} Kd7 {[%clk 0:00:48]} 107. b7
{[%clk 0:15:28]} Rh7+ {[%clk 0:00:32]} 108. Kg6 {[%clk 0:15:52]} 1-0

[Event "Hastings Masters"]
[Site "Horntye, Hastings"]
[Date "2018.01.02"]
[Round "6.6"]
[White "Taylor, Adam C"]
[Black "Salmons, Calum"]
[Result "1-0"]
[BlackElo "1756"]
[WhiteElo "2242"]
[LiveChessVersion "1.4.8"]

1. d4 {[%clk 1:40:07]} Nf6 {[%clk 1:40:51]} 2. Nf3 {[%clk 1:40:21]} c5
{[%clk 1:40:56]} 3. d5 {[%clk 1:40:45]} e6 {[%clk 1:40:35]} 4. c4
{[%clk 1:41:10]} b5 {[%clk 1:37:18]} 5. dxe6 {[%clk 1:38:04]} fxe6
{[%clk 1:37:31]} 6. cxb5 {[%clk 1:38:20]} d5 {[%clk 1:37:13]} 7. Nbd2
{[%clk 1:37:10]} Bd7 {[%clk 1:33:32]} 8. e4 {[%clk 1:16:55]} Qa5 {[%clk 1:23:25]}
9. exd5 {[%clk 1:08:59]} exd5 {[%clk 1:23:04]} 10. Be2 {[%clk 1:07:39]} Bd6
{[%clk 1:08:12]} 11. O-O {[%clk 1:06:43]} O-O {[%clk 1:06:36]} 12. Nc4
{[%clk 1:07:08]} Qc7 {[%clk 1:04:48]} 13. Nxd6 {[%clk 1:07:16]} Qxd6
{[%clk 1:05:04]} 14. b4 {[%clk 0:57:19]} cxb4 {[%clk 0:43:22]} 15. Qd4
{[%clk 0:57:43]} a6 {[%clk 0:29:33]} 16. Bd2 {[%clk 0:49:14]} a5 {[%clk 0:22:03]}
17. Bf4 {[%clk 0:49:27]} Qe6 {[%clk 0:20:16]} 18. Rfe1 {[%clk 0:49:28]} Qe4
{[%clk 0:15:38]} 19. Qd2 {[%clk 0:49:53]} Bf5 {[%clk 0:12:07]} 20. Rac1
{[%clk 0:47:37]} Nh5 {[%clk 0:11:12]} 21. Bd6 {[%clk 0:46:38]} Rd8
{[%clk 0:04:51]} 22. Ng5 {[%clk 0:46:23]} Qe8 {[%clk 0:03:06]} 23. Bxh5
{[%clk 0:45:40]} Qxh5 {[%clk 0:03:02]} 24. Qxd5+ {[%clk 0:45:58]} Kh8
{[%clk 0:03:20]} 25. Qxf5 {[%clk 0:46:19]} 1-0

[Event "Hastings Masters"]
[Site "Horntye, Hastings"]
[Date "2018.01.02"]
[Round "6.7"]
[White "Cherniaev, Alexander"]
[Black "Wegerle, Joerg"]
[Result "1/2-1/2"]
[BlackElo "2421"]
[WhiteElo "2436"]
[LiveChessVersion "1.4.8"]

1. c4 {[%clk 1:31:03]} c5 {[%clk 1:39:18]} 2. b3 {[%clk 1:29:27]} Nf6
{[%clk 1:34:47]} 3. Bb2 {[%clk 1:29:51]} e6 {[%clk 1:35:06]} 4. g3
{[%clk 1:28:27]} Be7 {[%clk 1:34:36]} 5. Bg2 {[%clk 1:28:50]} O-O
{[%clk 1:34:39]} 6. Nf3 {[%clk 1:22:40]} d5 {[%clk 1:29:44]} 7. O-O
{[%clk 1:22:33]} Nc6 {[%clk 1:26:57]} 8. e3 {[%clk 1:20:46]} b6 {[%clk 1:24:13]}
9. Qe2 {[%clk 1:21:09]} Bb7 {[%clk 1:23:37]} 10. Rd1 {[%clk 1:13:26]} Qc7
{[%clk 1:17:00]} 11. Nc3 {[%clk 0:59:40]} Rfd8 {[%clk 1:05:39]} 12. Rac1
{[%clk 0:52:40]} Rac8 {[%clk 0:59:23]} 13. Ne1 {[%clk 0:44:27]} d4
{[%clk 0:46:39]} 14. Nb5 {[%clk 0:44:48]} Qd7 {[%clk 0:47:01]} 15. exd4
{[%clk 0:41:47]} a6 {[%clk 0:34:46]} 16. dxc5 {[%clk 0:42:10]} bxc5
{[%clk 0:34:51]} 17. Na3 {[%clk 0:40:09]} Nb4 {[%clk 0:34:11]} 18. Bxb7
{[%clk 0:36:17]} Qxb7 {[%clk 0:34:21]} 19. Ra1 {[%clk 0:36:42]} Rd7
{[%clk 0:30:07]} 20. Nac2 {[%clk 0:35:34]} a5 {[%clk 0:28:03]} 21. Nxb4
{[%clk 0:24:02]} axb4 {[%clk 0:24:37]} 22. Qf3 {[%clk 0:21:02]} Qb6
{[%clk 0:20:11]} 23. a4 {[%clk 0:19:33]} bxa3 {[%clk 0:19:20]} 24. Rxa3
{[%clk 0:20:02]} Ne8 {[%clk 0:18:16]} 25. Bc3 {[%clk 0:19:39]} Bf6
{[%clk 0:16:55]} 26. Ba5 {[%clk 0:18:44]} Qb8 {[%clk 0:15:19]} 27. Rb1
{[%clk 0:18:57]} Nd6 {[%clk 0:14:00]} 28. Ra4 {[%clk 0:14:16]} Rb7
{[%clk 0:12:19]} 29. Nc2 {[%clk 0:13:08]} h6 {[%clk 0:09:46]} 30. h4
{[%clk 0:13:23]} Rd7 {[%clk 0:08:47]} 31. Bc3 {[%clk 0:13:28]} Bxc3
{[%clk 0:08:31]} 32. dxc3 {[%clk 0:13:29]} Nf5 {[%clk 0:08:50]} 33. Ne3
{[%clk 0:11:32]} Rd3 {[%clk 0:08:25]} 34. Rba1 {[%clk 0:09:26]} 1/2-1/2